Регионална библиотека "Любен Каравелов" - Русе

Спомени (Запис номер 15805)

MARC детайли
000 -Лидер
Контролно поле с фиксирана дължина 01836nam a2200361 c 4500
003 - Код на организацията, давaща контролен номер
Контролно поле BLK
005 - Дата и час на последна редакция
Контролно поле 20180422094715.0
008 - Елементи от данни с фиксирана дължина
fixed length control field 180413b bul|||||r ||||||| ||bul||
010 ## - Наследен системен номер
LC control number KNG00017609000
020 ## - Международен стандартен номер на книга ISBN
Международен стандартен номер на книга ISBN 954-8989-06-9
-- издат.: Фонд. Янко Сакъзов - на том(т. 2)
040 ## - Източник на каталожния запис
Идентификатор на билиотеката - собственик на записа BLK
041 ## - Код за език
Код за езика на текст/звукозапис или на отделно заглавие Български
Код за езика КДБФ Български
080 ## - УДК
Текстов определител УДК Политически партии и движения
УДК код - определител по УДК 329
УДК определител (497.2)БСДП(092)(093.3)
УДК - код + определител 329(497.2)БСДП(092)(093.3)
080 ## - УДК
Текстов определител УДК Български политик, доктор по международно право
УДК код - определител по УДК 929 Москов, Атанас Симеонов
УДК определител
УДК - код + определител 929 Москов, Атанас Симеонов
100 1# - Редна дума - Автор
Автор Москов, Атанас Симеонов
Авторска отговорност първи автор
R(LIN) 364022
139 ## - Редно поле
Редна дума Москов, Атанас Симеонов
Авторски знак Моск - М 92
245 10 - Сведения за заглавието
Заглавие Спомени
Подзаглавни данни Т. 1 - За том: Хроника относно преживелици, идеи и събития, отбелязани от един социалист, живял
Редно поле (дума) Атанас Симеонов Москов.
Том Т. 2
Заглавие на том Възходи и падини
257 ## - Страна на издаване
Страна на създаване/издаване България
260 ## - Област на издателските данни
-- София
Година на издаване 1997 -
Печатница За том: Русе : Дунав прес
300 ## - Физическа характеристика
Размери/Мащаб 24 см
380 ## - Жанр
Жанр Обществени науки
600 14 - Име на лице, използвано като предмет
За него / За нея Москов, Атанас Симеонов
9 (RLIN) 364022
650 #4 - Допълнително описание по предмет – тема
Основно описание – тема или топоним БСДП - дейци - спомени
9 (RLIN) 244983
650 #4 - Допълнително описание по предмет – тема
Основно описание – тема или топоним Политици, български - спомени
9 (RLIN) 247072
653 ## - Ключова дума – ненормативна
Ключова дума спомени
653 ## - Ключова дума – ненормативна
Ключова дума мемоари
760 1# - Описание на основната серия
-- - на том(т. 2)
Редна дума на основното описание Москов, Атанас Симеонов
Място на издаване, издател и година Фонд. Янко Сакъзов, 1998
Страници - том 622 с.
Заглавие Т. 2 Възходи и падини
852 ## - Местоположение
Форматна сигнатура Цб 192947
856 4# - Електронен адрес и достъп
Електронен формат pdf - файл
Път до файла /url/
856 4# - Електронен адрес и достъп
Електронен формат pdf - файл
Път до файла /url/
942 ## - АРТИКУЛИ
Вид на библиотечния материал Книги
Скрит в OPAC Не
Koha issues (borrowed), all copies 1
944 ## - СЪЗДАВАНЕ И РЕДАКЦИЯ на ЗАПИСА
Създаване/Редакция Създаване
Дата на регистрацията/редакция 15.01.2003
Служител, извършил регистрацията/редакцията Цветанка_Енчева
944 ## - СЪЗДАВАНЕ И РЕДАКЦИЯ на ЗАПИСА
Създаване/Редакция Редакция
Дата на регистрацията/редакция 08.03.2006
Служител, извършил регистрацията/редакцията
999 ## - СИСТЕМНИ КОНТРОЛНИ НОМЕРА
Koha biblionumber 15805
Koha biblioitemnumber 15805
Наличности
Код за отписване Код за изгубен артикул Източник на класификационната схема Код за повреда Коз за рестрикции Код за отдаване Артикулен № Име на библиотеката - собственик Име на библиотеката, в която се намира в момента Статус (Текущо местоположение) Дата на вписване в системата Местоположение - отдел Цена в лева Инвентарен номер Систематично азбучна сигнатура Баркод Номер на екземпляра Цена в евро Служебна бележка Служебен тип на артикула
  Не е изгубен Universal Decimal Classification Не е повреден без рестрикции ползва се в читалня 26756 Регионална библиотека "Любен Каравелов" Русе Регионална библиотека "Любен Каравелов" Русе Хранилище 2001-01-01 Хранилище 0.00 645121 Цб 192947 120000645121 1 0.00 Дост: Dp Вид: Д N: стар фонд Дата: 01.01.1998 Книги
  Не е изгубен Universal Decimal Classification Не е повреден без рестрикции заемане за дома 26757 Регионална библиотека "Любен Каравелов" Русе Регионална библиотека "Любен Каравелов" Русе Заемна - подръчен фонд 1999-01-01 Заемна - подръчен фонд 1.00 645779 П 329(497.2)/М 92 120000645779 2 0.51 Дост: DA Вид: А N: стар фонд Дата: 01.01.1999 Дата инв: 22.01.2015 Бележки инв: П2015 Книги
  Не е изгубен   Не е повреден без рестрикции заемане за дома 26758 Регионална библиотека "Любен Каравелов" Русе Регионална библиотека "Любен Каравелов" Русе Заемна - подръчен фонд 2006-03-06 Заемна - подръчен фонд 10.00 120000700537 П 329(497.2)/М 92 120000700537 3 5.11 Дост: DA Вид: А N: 7 Дата: 06.03.2006 Дата инв: 05.02.2018 Бележки инв: П2018 Книги
Vip Innovations Ltd, Rousse, Bulgaria 2025